000 00332nam a22001457a 4500
008 210426b ||||| |||| 00| 0 eng d
020 _a9780761990215
041 _aeng
080 _a316
082 _a316
100 _a50
101 _aSOC
245 _aTheories of Culture in Postmodern Times
_cMarvin Harris
942 _2udc
_cBK
999 _c56740
_d56740